Facultad de Derecho de la Universidad Nacional de Córdoba (Registro nro. 161879)
[ vista simple ]
| 000 -LEADER | |
|---|---|
| fixed length control field | 01060nam a22002417a 4500 |
| 007 - PHYSICAL DESCRIPTION FIXED FIELD--GENERAL INFORMATION | |
| fixed length control field | cr|||| |||| |
| 008 - FIXED-LENGTH DATA ELEMENTS--GENERAL INFORMATION | |
| fixed length control field | 120928c20109999ag |||||s|||| 00||0 spa d |
| 035 ## - | |
| -- | 6721 |
| 040 ## - CATALOGING SOURCE | |
| Original cataloging agency | vLex |
| 090 ## - | |
| -- | 3489 |
| -- | 3489 |
| 245 00 - TITLE STATEMENT | |
| Title | Facultad de Derecho de la Universidad Nacional de Córdoba |
| Medium | [Recurso electrónico] |
| 256 ## - | |
| -- | Servicio en línea |
| 260 ## - PUBLICATION, DISTRIBUTION, ETC. (IMPRINT) | |
| Place of publication, distribution, etc | Córdoba : |
| Name of publisher, distributor, etc | Facultad de Derecho de la Universidad Nacional de Córdoba, |
| Date of publication, distribution, etc | 2010 - |
| 300 ## - PHYSICAL DESCRIPTION | |
| Extent | 1 recurso electrónico |
| 310 ## - | |
| -- | Anual |
| 362 ## - | |
| -- | Núm. 1 (2010) - |
| 506 1# - RESTRICTIONS ON ACCESS NOTE | |
| Terms governing access | Contenido solo disponible en los productos indicados |
| Authorized users | vLex Global |
| -- | vLex Global (Academic Edition, excluding Law Schools) |
| -- | vLex Global (U.S. Academic Edition, Law Schools) |
| -- | vLex Global (U.S. Academic Edition, excluding Law Schools) |
| -- | vLex Global (Academic Edition, Law Schools) |
| 650 04 - SUBJECT ADDED ENTRY--TOPICAL TERM | |
| Topical term or geographic name as entry element | Derecho |
| Geographic subdivision | Argentina |
| 740 0# - | |
| -- | vLex Revistas (Servicio en línea) |
| 856 40 - LOCALIZACIÓN Y ACCESO ELECTRÓNICO | |
| Identificador Uniforme del Recurso (URI/URL) | https://app.vlex.com/#/sources/facultad-derecho-universidad-nacional-cordoba-6721 |
| 942 ## - | |
| -- | RAA |
| 999 ## - | |
| -- | 161879 |
| -- | 161879 |
No hay ítems disponibles.